Podpora slovenského vývozu a konkurencieschopnosti v podmienkach znalostnej ekonomiky a členstva v Európskej únii

Nízky podiel výrobkov high-technology na štruktúre slovenského vývozu. Inovačné zaostávanie Slovenska. Podpora vývozu po vstupe Slovenska do Európskej únie. Súčasné zameranie podpory slovenského vývozu zo strany štátu. Základnou oblasťou zvyšovania exportnej výkonnosti krajiny je rast jej konkurenčn...

Ausführliche Beschreibung

Gespeichert in:
Bibliographische Detailangaben
1. Verfasser: Fifek, Edmund
Format: Buchkapitel
Sprache:Slowakisch
Schlagworte:
Tags: Tag hinzufügen
Keine Tags, Fügen Sie das erste Tag hinzu!

MARC

LEADER 00000naa$a2200000$$$4500
001 0049520
005 20240502071555.5
041 0 |a slo 
044 |a SK 
245 1 0 |a Podpora slovenského vývozu a konkurencieschopnosti v podmienkach znalostnej ekonomiky a členstva v Európskej únii  |c Edmund Fifek 
520 |a Nízky podiel výrobkov high-technology na štruktúre slovenského vývozu. Inovačné zaostávanie Slovenska. Podpora vývozu po vstupe Slovenska do Európskej únie. Súčasné zameranie podpory slovenského vývozu zo strany štátu. Základnou oblasťou zvyšovania exportnej výkonnosti krajiny je rast jej konkurenčnej schopnosti, založený na dynamických konkurenčných výhodách. 
610 2 0 |a vývoz 
610 2 0 |a podpora vývozu 
610 2 0 |a štát 
610 2 0 |a konkurencieschopnosť 
610 2 0 |a inovácia 
610 2 0 |a technológie nové 
610 2 0 |a Slovensko 
100 1 |a Fifek, Edmund